MICROPROPAGATION of selected rootcrops, palms, citrus, and ornamental species : proceedings FAO/NORWAY Symposium on Plant Tissue Culture, Technology and Utilization, Norway, 3-4 July 1984

Bibliographic Details
Format: Book
Published: Rome Food and Agriculture Organization of the United Nations , 1984
Series:FAO plant production and protection paper; 59
Subjects:

MARC

LEADER 00000cam a2200000 7i4500
001 0000002634
005 20030829.0
020 0 0 |a 9251321570 
090 0 0 |a FAO631.53   |b MIC 1984 
245 0 0 |a MICROPROPAGATION of selected rootcrops, palms, citrus, and ornamental species :   |b proceedings FAO/NORWAY Symposium on Plant Tissue Culture, Technology and Utilization, Norway, 3-4 July 1984 
260 0 0 |a Rome Food and Agriculture Organization of the United Nations ,   |c 1984 
300 |a 232 p. :   |b ill. ;   |c 30 cm. 
440 0 0 |a FAO plant production and protection paper; 59 
500 0 0 |a Includes bibliographical references 
650 0 0 |a Plant propagation   |x Congresses 
650 0 0 |a Plant tissue culture   |x Congresses 
998 |a JPSM 
999 |a 0000004363   |b Monograph   |c Open Shelf   |e Default branch